000 00692nam a2200217Ia 4500
001 1594
003 GE_BSU
008 181216s||||||||xx |||||||||||||| ||und||
040 _cGE_BSU
080 _a699.841(075.8)
100 _aკობიძე,გ. ყურაშვილი,მ.
245 _aნაგებობათა სეისმომედეგობა.
245 _bდამხმ. სახელმძღვ.
260 _aთბ.
260 _bტექნიკ. უნ–ტი.
260 _c1995.
300 _a137გვ;19სმ.
541 _h5 ლ.
653 _aნაგებობათა სეისმომედეგობა.
942 _cBK
999 _c35721
_d35721